La investigación-acción entra al aula
Tallennettuna:
| Päätekijä: | |
|---|---|
| Aineistotyyppi: | Kirja |
| Kieli: | espanja |
| Julkaistu: |
Buenos Aires
Aique
1991
|
| Sarja: | Aique Didáctica
|
| Aiheet: | |
| Tagit: |
Lisää tagi
Ei tageja, Lisää ensimmäinen tagi!
|
MARC
| LEADER | 00000nam a2200000 a 4500 | ||
|---|---|---|---|
| 001 | UCL0889 | ||
| 003 | CL-VaPUC | ||
| 008 | 030825e19910000AG |||||||||||||||||spa|d | ||
| 020 | |a 9507010599 | ||
| 082 | 0 | 4 | |a 370.7 |b OLS |2 21 |
| 100 | |a Olson, Mary W. |e autora |9 477632 | ||
| 245 | 1 | 3 | |a La investigación-acción entra al aula |
| 300 | |a 164 p | ||
| 942 | |c BK | ||
| 945 | |d 20030825 00:00:00 |a cmena | ||
| 260 | |a Buenos Aires |b Aique |c 1991 | ||
| 650 | 0 | |a Investigación educacional |9 261192 | |
| 650 | 0 | |a Métodos de enseñanza |9 270413 | |
| 650 | 7 | |a TRABAJO EN GRUPOS |2 CL-VaPUC |9 458137 | |
| 650 | 0 | |a Formación profesional de profesores |9 307493 | |
| 650 | 0 | |a Rol del docente |9 329733 | |
| 583 | |a last modification |c 20030825 00:00:00 |k Rodrigo Vera | ||
| 490 | 0 | |a Aique Didáctica | |
| 999 | |c 304615 |d 304613 | ||
| 952 | |0 0 |1 0 |4 0 |6 370_700000000000000_OLS_1991 |7 0 |8 A |9 367126 |a BIBEDU |b BIBEDU |c ES_NOD |d 2019-11-21 |i 3932842 |o 370.7 OLS 1991 |p 3932842 |r 2023-08-09 |w 2019-11-21 |y BK |k EPE | ||